[Event "PRO League Group Stage"]
[Site "chess.com INT"]
[Date "2020.01.29"]
[Round "4"]
[White "Ponkratov, Pavel"]
[Black "Livaic, Leon"]
[Result "1-0"]
[WhiteTitle "GM"]
[BlackTitle "IM"]
[WhiteElo "2622"]
[BlackElo "2495"]
[WhiteTeam "Russia Wizards"]
[BlackTeam "Croatia Bulldogs"]
[WhiteFideId "4157800"]
[BlackFideId "14531534"]
[EventDate "2020.01.06"]

1. c4 e6 2. e4 d5 3. e5 c5 4. Nf3 Nc6 5. cxd5 exd5 6. Bb5 Ne7 7. O-O a6 8. Ba4
b5 9. Bc2 Bg4 10. h3 Bxf3 11. Qxf3 Nd4 12. Qd1 Nec6 13. f4 c4 14. Nc3 Nxc2 15.
Qxc2 Nb4 16. Qd1 Bc5+ 17. d4 Bb6 18. Be3 Nd3 19. Qf3 O-O 20. Nxd5 Nxb2 21. f5
Nd3 22. f6 g6 23. e6 fxe6 24. Nxb6 Qxb6 25. f7+ Kg7 26. Qf6# 1-0

[Event "PRO League Group Stage"]
[Site "chess.com INT"]
[Date "2020.01.29"]
[Round "4"]
[White "Plat, Vojtech"]
[Black "Demidov, Mikhail"]
[Result "1-0"]
[WhiteTitle "GM"]
[BlackTitle "IM"]
[WhiteElo "2589"]
[BlackElo "2552"]
[WhiteTeam "Croatia Bulldogs"]
[BlackTeam "Russia Wizards"]
[WhiteFideId "325740"]
[BlackFideId "4197143"]
[EventDate "2020.01.06"]

1. e4 Nf6 2. e5 Nd5 3. g3 d6 4. exd6 exd6 5. Bg2 Nf6 6. Ne2 d5 7. O-O Bd6 8. d4
O-O 9. Bf4 Re8 10. Nd2 Bf5 11. Nf3 Bxf4 12. Nxf4 Bg4 13. h3 Bxf3 14. Bxf3 c6 15.
c3 Nbd7 16. Qc2 Ne4 17. Bxe4 Rxe4 18. Rae1 Nf6 19. f3 Rxe1 20. Rxe1 Qd7 21. Re5
h6 22. Kg2 Re8 23. Qf2 Qd8 24. Qe3 Kf8 25. Qd3 Qd6 26. Qf5 g6 27. Rxe8+ Nxe8 28.
Qc8 Qe7 29. Kf2 Kg7 30. Nd3 Nd6 31. Qb8 Nc4 32. Qf4 g5 33. Qc1 Qe6 34. b3 Nd6
35. g4 Nb5 36. a4 Nc7 37. h4 gxh4 38. Nf4 Qd6 39. Kg2 Ne6 40. Nh5+ Kh7 41. Qc2+
Kg8 42. Qf5 Ng5 43. Nf6+ Kf8 44. Qc8+ Ke7 45. Ng8# 1-0

[Event "PRO League Group Stage"]
[Site "chess.com INT"]
[Date "2020.01.29"]
[Round "4"]
[White "Saric, Ante"]
[Black "Anisimov, Pavel2"]
[Result "1/2-1/2"]
[WhiteTitle "GM"]
[BlackTitle "GM"]
[WhiteElo "2559"]
[BlackElo "2527"]
[WhiteTeam "Croatia Bulldogs"]
[BlackTeam "Russia Wizards"]
[WhiteFideId "14506254"]
[BlackFideId "4135229"]
[EventDate "2020.01.06"]

1. Nf3 Nf6 2. g3 b5 3. Bg2 Bb7 4. O-O e6 5. d4 c5 6. Na3 a6 7. c4 Qb6 8. b3 d6
9. Bb2 Be7 10. e3 Nbd7 11. dxc5 dxc5 12. Ne5 Nxe5 13. Bxe5 Rd8 14. Qe2 b4 15.
Nc2 Bxg2 16. Kxg2 Qc6+ 17. Qf3 Qxf3+ 18. Kxf3 Rd2 19. Rac1 O-O 20. Rfd1 Rfd8 21.
Rxd2 Rxd2 22. e4 h5 23. Bf4 Rd8 24. h3 Nd7 25. Rd1 g5 26. Be3 Ne5+ 27. Ke2 Rxd1
28. Kxd1 Nd7 29. Ke2 f5 30. f3 Kf7 1/2-1/2

[Event "PRO League Group Stage"]
[Site "chess.com INT"]
[Date "2020.01.29"]
[Round "4"]
[White "Harikrishna, Pentala"]
[Black "Tanriverdi, Enes"]
[Result "1-0"]
[WhiteTitle "GM"]
[BlackTitle "FM"]
[WhiteElo "2716"]
[BlackElo "2400"]
[WhiteTeam "India Yogis"]
[BlackTeam "Turkey Knights"]
[WhiteFideId "5007003"]
[BlackFideId "34543279"]
[EventDate "2020.01.06"]

1. d4 Nf6 2. Nf3 d5 3. c4 c6 4. Qc2 g6 5. Bf4 Bg7 6. e3 O-O 7. Nc3 Na6 8. Be2
Bf5 9. Qb3 Qb6 10. c5 Qxb3 11. axb3 Nb4 12. Ra4 a5 13. O-O Bd3 14. Bc7 Ne4 15.
Bxd3 Nxd3 16. Nxe4 dxe4 17. Nd2 Nxb2 18. Ra2 Nd3 19. Nxe4 f5 20. Ng5 e5 21. Ne6
Rfc8 22. Bb6 exd4 23. exd4 Nb4 24. Rxa5 Nd5 25. Ra4 Nc3 26. Rc4 Ne2+ 27. Kh1 Bf6
28. g3 Kf7 29. Nc7 Ra3 30. d5 cxd5 31. Nxd5 Rxb3 32. Nxf6 Rxb6 33. Nxh7 Rb2 34.
Rd1 Rc7 35. Kg2 b5 36. Rh4 Rxc5 37. Rd7+ Ke6 38. Nf8+ Kf6 39. Rh6 f4 40. Rxg6+
Kf5 41. g4+ Ke4 42. Re6+ Re5 43. f3+ 1-0

[Event "PRO League Group Stage"]
[Site "chess.com INT"]
[Date "2020.01.29"]
[Round "4"]
[White "Sethuraman, S.P."]
[Black "Can, Isik"]
[Result "1/2-1/2"]
[WhiteTitle "GM"]
[BlackTitle "IM"]
[WhiteElo "2638"]
[BlackElo "2374"]
[WhiteTeam "India Yogis"]
[BlackTeam "Turkey Knights"]
[WhiteFideId "5021596"]
[BlackFideId "6383742"]
[EventDate "2020.01.06"]

1. d4 d5 2. c4 c6 3. Nc3 Nf6 4. e3 Bf5 5. Nf3 e6 6. Nh4 Be4 7. f3 Bg6 8. Qb3 Qc7
9. Bd2 Be7 10. g3 Nbd7 11. Rc1 Rc8 12. Be2 O-O 13. O-O Qb8 14. Nxg6 hxg6 15. Kg2
dxc4 16. Bxc4 e5 17. dxe5 Nxe5 18. Be2 Rfd8 19. Rcd1 b5 20. Qc2 Qb6 21. e4 Bc5
22. Bf4 Bd4 23. g4 Nh7 24. Bg3 g5 25. h4 gxh4 26. Bxh4 g5 27. Bg3 Ng6 28. Rh1
Nhf8 29. e5 Bxc3 30. bxc3 Ne6 31. Rh6 Kg7 32. Rdh1 Rh8 33. Rxh8 Rxh8 34. Rxh8
Kxh8 35. Kf1 Qe3 36. Qd3 Qc1+ 37. Kf2 Qb2 38. Ke3 Qxa2 39. Qd7 Ngf4 40. Bxf4
Nxf4 41. Qd8+ Kh7 42. Bd3+ Nxd3 43. Qxd3+ Kh6 44. Qd8 Qe6 45. Qh8+ Kg6 46. Qh5+
Kg7 47. Qxg5+ Kh7 48. f4 a5 49. Qh5+ Kg7 50. Qg5+ Qg6 51. Qh4 a4 52. f5 Qh6+ 53.
Qxh6+ Kxh6 54. Kd3 Kg5 55. Kc2 c5 56. Kb2 b4 57. cxb4 cxb4 58. Ka2 Kh6 59. Kb2
Kg7 60. g5 Kg8 61. Ka2 Kf8 62. Kb2 Ke8 63. Ka2 Ke7 1/2-1/2

[Event "PRO League Group Stage"]
[Site "chess.com INT"]
[Date "2020.01.29"]
[Round "4"]
[White "Ipatov, Alexander"]
[Black "Nihal, Sarin"]
[Result "1/2-1/2"]
[WhiteTitle "GM"]
[BlackTitle "GM"]
[WhiteElo "2631"]
[BlackElo "2618"]
[WhiteTeam "Turkey Knights"]
[BlackTeam "India Yogis"]
[WhiteFideId "14116731"]
[BlackFideId "25092340"]
[EventDate "2020.01.06"]

1. d4 Nf6 2. c4 e6 3. Nf3 d5 4. Bg5 Bb4+ 5. Nbd2 dxc4 6. a3 Bxd2+ 7. Qxd2 Nbd7
8. Qb4 h6 9. Bh4 b6 10. e3 c5 11. dxc5 Nxc5 12. Bxc4 O-O 13. O-O Bb7 14. Rfd1
Qe7 15. Be2 Rfd8 16. h3 Kf8 17. Ne5 g5 18. Bg3 Nce4 19. Bh2 Rxd1+ 20. Rxd1 Qxb4
21. axb4 Nd5 22. f3 Nef6 23. e4 Nf4 24. Bf1 Rc8 25. g3 N4h5 26. b5 Rc7 27. g4
Nf4 28. Nd3 Rd7 29. Bxf4 gxf4 30. Ra1 Bc8 31. Nxf4 Rc7 32. Nd3 Bd7 33. Ne5 Be8
34. Bd3 Nd7 35. Nxd7+ Rxd7 36. Ra3 Rd4 37. Kf2 Rb4 38. Rxa7 Rxb2+ 39. Ke3 Bxb5
40. Bxb5 Rxb5 41. h4 Kg7 42. Rb7 Rb3+ 43. Kf4 Kg6 44. h5+ Kg7 45. e5 Rb4+ 46.
Ke3 Rb3+ 47. Kf4 Rb4+ 48. Kg3 Rb3 49. Kg2 Rb2+ 50. Kg3 Rb3 51. Kf4 1/2-1/2

[Event "PRO League Group Stage"]
[Site "chess.com INT"]
[Date "2020.01.29"]
[Round "4"]
[White "Rambaldi, Francesco"]
[Black "Gupta, Abhijeet"]
[Result "0-1"]
[WhiteTitle "GM"]
[BlackTitle "GM"]
[WhiteElo "2570"]
[BlackElo "2603"]
[WhiteTeam "Turkey Knights"]
[BlackTeam "India Yogis"]
[WhiteFideId "20657307"]
[BlackFideId "5010608"]
[EventDate "2020.01.06"]

1. Nf3 Nf6 2. b3 g6 3. g3 d5 4. c4 d4 5. b4 c5 6. bxc5 Nc6 7. d3 Bg7 8. Bg2 O-O
9. O-O Nd7 10. Ba3 Qa5 11. Nfd2 Nxc5 12. Nb3 Nxb3 13. axb3 Qh5 14. Nd2 Bh3 15.
b4 Ne5 16. b5 Rfe8 17. Bxb7 Rab8 18. Bg2 Ng4 19. Nf3 Rb6 20. Nh4 Bxg2 21. Kxg2
Rf6 22. Bc1 g5 23. e4 dxe3 24. h3 gxh4 25. Qxg4 Qxg4 26. hxg4 Rxf2+ 27. Rxf2 h3+
28. Kxh3 exf2 29. Bb2 Bxb2 30. Rb1 Bd4 31. Kg2 Rd8 32. Rb3 Bc5 0-1

[Event "PRO League Group Stage"]
[Site "chess.com INT"]
[Date "2020.01.29"]
[Round "4"]
[White "Andriasian, Zaven"]
[Black "Mikhalevski, Victor"]
[Result "1-0"]
[WhiteTitle "GM"]
[BlackTitle "GM"]
[WhiteElo "2611"]
[BlackElo "2571"]
[WhiteTeam "Armenia Eagles"]
[BlackTeam "Israel Counsellors"]
[WhiteFideId "13302000"]
[BlackFideId "2801914"]
[EventDate "2020.01.06"]

1. e4 c5 2. Nc3 d6 3. g3 g6 4. Bg2 Bg7 5. d3 Nc6 6. f4 e6 7. Nf3 Nge7 8. Be3 Nd4
9. O-O O-O 10. Rb1 Rb8 11. Ne2 Nxf3+ 12. Bxf3 f5 13. Qd2 b6 14. c4 Bb7 15. Rbe1
Qd7 16. Bg2 Rbd8 17. Bf2 d5 18. cxd5 exd5 19. e5 d4 20. Bxb7 Qxb7 21. b4 Rc8 22.
bxc5 bxc5 23. Rb1 Qd5 24. Rfc1 a6 25. Rb6 Nc6 26. Qd1 Rb8 27. Qb3 Qxb3 28. Rxb3
Rxb3 29. axb3 Nb4 30. Rxc5 Nxd3 31. Rd5 Rb8 32. Nxd4 Bf8 33. Be3 Nc5 34. Nc6 Rb5
35. Nd4 Rb8 36. Nxf5 Nxb3 37. Nd4 a5 38. Nxb3 Rxb3 39. Kf2 a4 40. Rd8 Kf7 41.
Ra8 Rb2+ 42. Kf3 Rb3 43. Ke4 Rb4+ 44. Kd5 Rb5+ 45. Kc6 Rb3 46. Bd4 Be7 47. Rxa4
Ke6 48. Ra6 h5 49. Kc7+ Kf5 50. Kd7 Rb7+ 51. Kc6 Rb4 52. Kd5 Rb5+ 53. Kc4 Rb4+
54. Kd3 Rb1 55. Ra7 Ke6 56. Ra2 h4 57. g4 h3 58. Ra6+ Kd5 59. Ra5+ Ke6 60. Ke4
Re1+ 61. Be3 Bb4 62. Ra6+ Kf7 63. Kf3 Rf1+ 64. Ke4 Re1 65. Kd3 Rh1 66. e6+ Ke7
67. f5 gxf5 68. Bg5+ Kf8 69. gxf5 Kg7 70. Ra7+ Kg8 71. f6 Rf1 72. Ke4 Rg1 73.
Kf5 1-0

[Event "PRO League Group Stage"]
[Site "chess.com INT"]
[Date "2020.01.29"]
[Round "4"]
[White "Martirosyan, Haik M."]
[Black "Steinberg, Nitzan"]
[Result "1-0"]
[WhiteTitle "GM"]
[BlackTitle "GM"]
[WhiteElo "2613"]
[BlackElo "2542"]
[WhiteTeam "Armenia Eagles"]
[BlackTeam "Israel Counsellors"]
[WhiteFideId "13306553"]
[BlackFideId "2801795"]
[EventDate "2020.01.06"]

1. d4 d5 2. c4 c6 3. Nf3 Nf6 4. Nc3 e6 5. Bg5 Nbd7 6. e3 Qa5 7. cxd5 exd5 8. Nd2
Ne4 9. Ndxe4 dxe4 10. Bh4 Nb6 11. Be2 Bb4 12. O-O Bxc3 13. bxc3 Qxc3 14. Qb1 f5
15. a4 Qa5 16. Rc1 Nd5 17. Rc5 Qc7 18. a5 O-O 19. Qc1 Qf7 20. a6 h6 21. Bg3 g5
22. Bd6 Rd8 23. Be5 f4 24. Bc4 f3 25. Qb1 b5 26. Bb3 Bf5 27. Rxc6 Bg6 28. gxf3
Kh7 29. fxe4 Rf8 30. Ra2 Rad8 31. Rc7 Nxc7 32. Bxf7 Rxf7 33. Qb3 Rdf8 34. Rc2
Ne8 35. Qd5 b4 36. f4 gxf4 37. exf4 b3 38. Rb2 Nf6 39. Bxf6 Rxf6 40. Rxb3 Rxf4
41. Rb7+ Bf7 42. Kh1 Kg8 43. Qe5 Rg4 44. Rb8 Rxb8 45. Qxb8+ Kg7 46. Qe5+ Kg8 47.
h3 Rh4 48. Qg3+ 1-0

[Event "PRO League Group Stage"]
[Site "chess.com INT"]
[Date "2020.01.29"]
[Round "4"]
[White "Fridman, Daniel"]
[Black "Sargsyan, Shant"]
[Result "0-1"]
[WhiteTitle "GM"]
[BlackTitle "GM"]
[WhiteElo "2622"]
[BlackElo "2601"]
[WhiteTeam "Israel Counsellors"]
[BlackTeam "Armenia Eagles"]
[WhiteFideId "11600454"]
[BlackFideId "13306766"]
[EventDate "2020.01.06"]

1. d4 Nf6 2. Nf3 g6 3. g3 Bg7 4. Bg2 O-O 5. O-O d6 6. c4 Ne4 7. Nfd2 Nxd2 8.
Qxd2 Nc6 9. d5 Ne5 10. Qc2 c6 11. dxc6 bxc6 12. Bd2 Bf5 13. Qa4 Qb6 14. Bc3 Rab8
15. Nd2 c5 16. Rac1 Bd7 17. Qc2 a5 18. h3 Nc6 19. Bxg7 Kxg7 20. Qc3+ f6 21. b3
Nd4 22. Rfe1 Qb4 23. e3 Qxc3 24. Rxc3 Nc6 25. a4 Nb4 26. Nb1 Bf5 27. e4 Bd7 28.
Na3 Nc6 29. Nb5 Nd4 30. f4 e5 31. Kh2 Bc6 32. Rf1 Rbd8 33. Re3 Kf7 34. g4 Ke7
35. Kg3 h5 36. fxe5 fxe5 37. gxh5 gxh5 38. Rxf8 Rxf8 39. Na7 Bd7 40. Nb5 Rg8+
41. Kf2 h4 42. Nc7 Be6 43. Bf1 Rb8 44. Nb5 Rf8+ 45. Kg2 Nc2 46. Re2 Nd4 47. Re3
Nxb3 48. Rxb3 Rxf1 49. Nxd6 Ra1 50. Nb7 Rxa4 51. Nxc5 Ra2+ 52. Kg1 Bxc4 53. Rc3
Bb5 54. Rb3 Bc6 55. Rb6 Kd6 56. Nd3 Kc7 57. Rb3 Bxe4 58. Nxe5 Kd6 59. Rb5 Bd5
60. Ng6 Rg2+ 61. Kf1 Rxg6 62. Rxa5 Rg3 63. Ra4 Rxh3 64. Kg1 Ke5 65. Rb4 Be4 66.
Rb8 Kf4 67. Rg8 Rg3+ 0-1

[Event "PRO League Group Stage"]
[Site "chess.com INT"]
[Date "2020.01.29"]
[Round "4"]
[White "Roiz, Michael"]
[Black "Davtyan, Artur"]
[Result "1-0"]
[WhiteTitle "GM"]
[BlackTitle "IM"]
[WhiteElo "2598"]
[BlackElo "2437"]
[WhiteTeam "Israel Counsellors"]
[BlackTeam "Armenia Eagles"]
[WhiteFideId "2804158"]
[BlackFideId "13308327"]
[EventDate "2020.01.06"]

1. Nf3 d5 2. g3 Nf6 3. Bg2 e6 4. O-O c5 5. d4 cxd4 6. Nxd4 e5 7. Nb3 Nc6 8. Bg5
Be6 9. Nc3 d4 10. Ne4 Be7 11. Bxf6 gxf6 12. c3 dxc3 13. Nxc3 Qxd1 14. Rfxd1 O-O
15. Nd5 Bxd5 16. Bxd5 Rfd8 17. Bxc6 bxc6 18. Na5 Rac8 19. Rac1 c5 20. Rxd8+ Bxd8
21. Nc4 Be7 22. Rd1 Rc7 23. Kg2 Kf8 24. Kf3 Ke8 25. Ke4 Rc6 26. b3 Re6 27. g4
Ra6 28. Rd2 Re6 29. Rd3 Ra6 30. a4 Bf8 31. Rh3 h6 32. Rd3 Re6 33. f3 Rc6 34. Kf5
Be7 35. e3 Re6 36. h4 Rc6 37. f4 exf4 38. exf4 Re6 39. Re3 Rc6 40. h5 Kf8 41.
Rd3 Ke8 42. Re3 Kf8 43. Re2 Ke8 44. Re1 Kf8 45. Re3 Ke8 46. Ke4 Rc8 47. Rd3 Rb8
48. Ne3 Rb4+ 49. Kf3 Bd8 50. Nd5 Rb7 51. Ke4 Kf8 52. Rc3 Ke8 53. Kf5 Kf8 54.
Nxf6 Bxf6 55. Kxf6 Rb6+ 56. Kf5 Kg7 57. Ke5 Rb4 58. Kf5 Rb6 59. g5 hxg5 60. fxg5
Rb4 61. h6+ Kh7 62. Rxc5 Rxb3 63. Rc7 Rf3+ 64. Kg4 Rf1 65. Rxa7 Rg1+ 66. Kf4
Rf1+ 67. Ke4 Kg6 68. Ra5 Ra1 69. Kd4 Rd1+ 70. Kc3 Rc1+ 71. Kb2 Rc4 72. Kb3 Rc1
73. Rd5 Rb1+ 74. Kc4 Rb8 75. a5 Rb1 76. Kc5 Rc1+ 77. Kb6 Rb1+ 78. Rb5 Ra1 79. a6 1-0

[Event "PRO League Group Stage"]
[Site "chess.com INT"]
[Date "2020.01.29"]
[Round "4"]
[White "Anisimov, Pavel2"]
[Black "Le, Tuan Minh"]
[Result "1/2-1/2"]
[WhiteTitle "GM"]
[BlackTitle "IM"]
[WhiteElo "2527"]
[BlackElo "2501"]
[WhiteTeam "Russia Wizards"]
[BlackTeam "Croatia Bulldogs"]
[WhiteFideId "4135229"]
[BlackFideId "12401153"]
[EventDate "2020.01.06"]

1. e4 c5 2. Ne2 d6 3. g3 g6 4. Bg2 Bg7 5. c3 Nf6 6. d4 O-O 7. O-O Nc6 8. h3 Qc7
9. Be3 b6 10. Na3 Ba6 11. Re1 e5 12. Qd2 Rfe8 13. d5 Ne7 14. b4 Qd7 15. Qb2 Bd3
16. f3 Nh5 17. Nc1 cxb4 18. cxb4 Bb5 19. Nxb5 Qxb5 20. Bf1 Qd7 21. Bf2 f5 22. a4
fxe4 23. fxe4 Rf8 24. a5 b5 25. a6 Rf7 26. Bg2 Raf8 27. Nd3 Nxd5 28. Rad1 Nc7
29. Qa2 Ne6 30. Nc5 Nxc5 31. Bxc5 1/2-1/2

[Event "PRO League Group Stage"]
[Site "chess.com INT"]
[Date "2020.01.29"]
[Round "4"]
[White "Demidov, Mikhail"]
[Black "Livaic, Leon"]
[Result "1-0"]
[WhiteTitle "IM"]
[BlackTitle "IM"]
[WhiteElo "2552"]
[BlackElo "2495"]
[WhiteTeam "Russia Wizards"]
[BlackTeam "Croatia Bulldogs"]
[WhiteFideId "4197143"]
[BlackFideId "14531534"]
[EventDate "2020.01.06"]

1. Nf3 Nf6 2. g3 b6 3. Bg2 Bb7 4. O-O c5 5. d3 g6 6. b3 Bg7 7. Bb2 O-O 8. e4 d6
9. Nbd2 Nbd7 10. Re1 Ne8 11. Bxg7 Nxg7 12. Nc4 b5 13. Ne3 a5 14. Qd2 Ne5 15.
Nxe5 dxe5 16. a4 b4 17. Rf1 Ne6 18. f4 exf4 19. gxf4 Nd4 20. f5 Kh8 21. fxg6
fxg6 22. Rxf8+ Qxf8 23. Rf1 Qg7 24. Nc4 Ba6 25. Nxa5 Bxd3 26. Qxd3 Rxa5 27. Qc4
e6 28. Kh1 Qe5 29. c3 bxc3 30. Qxc3 Ra8 31. b4 cxb4 32. Qxb4 Rg8 33. Qc3 Rd8 34.
a5 Qd6 35. e5 Qxe5 36. a6 Qg7 37. Qc5 Nf5 38. a7 1-0

[Event "PRO League Group Stage"]
[Site "chess.com INT"]
[Date "2020.01.29"]
[Round "4"]
[White "Plat, Vojtech"]
[Black "Ponkratov, Pavel"]
[Result "0-1"]
[WhiteTitle "GM"]
[BlackTitle "GM"]
[WhiteElo "2589"]
[BlackElo "2622"]
[WhiteTeam "Croatia Bulldogs"]
[BlackTeam "Russia Wizards"]
[WhiteFideId "325740"]
[BlackFideId "4157800"]
[EventDate "2020.01.06"]

1. e4 d6 2. d4 Nc6 3. Nf3 Nf6 4. d5 Nb4 5. c3 Na6 6. Bxa6 bxa6 7. Bg5 c5 8. Bxf6
gxf6 9. O-O Qb6 10. b3 Rg8 11. Nbd2 Qc7 12. Kh1 f5 13. exf5 Bxf5 14. Re1 Bg7 15.
Rc1 Kf8 16. Ne4 h6 17. Qe2 a5 18. Ng3 Bh7 19. Nh5 Re8 20. Nxg7 Kxg7 21. Qd2 Qd7
22. c4 a4 23. Rc3 axb3 24. axb3 Qf5 25. Ra1 Ra8 26. Re3 Qf6 27. Rae1 Rge8 28.
Ng1 a5 29. Rf3 Qd4 30. Qc1 a4 31. Ne2 Qh4 32. Nf4 Bf5 33. g3 Qg5 34. Kg2 Bg4 35.
Rfe3 axb3 36. Rxb3 Kg8 37. Rbe3 Ra4 38. h3 Bc8 39. Qc3 Ba6 40. h4 Qg7 41. Qxg7+
Kxg7 42. Nh5+ Kg6 43. Nf4+ Kg7 44. Nh5+ Kf8 45. Nf6 Rd8 46. Rxe7 Bxc4 47. g4 Bb3
48. Kg3 Kg7 49. Nh5+ Kf8 50. Nf4 Rb8 51. g5 hxg5 52. hxg5 Rbb4 53. Re8+ Kg7 54.
Nh5+ Kg6 55. Rg8+ Kxh5 56. Rh1+ Rh4 57. Rxh4+ Rxh4 58. Rh8+ Kxg5 59. Rxh4 Bxd5
60. Rh8 Kf6 61. Kf4 Be6 62. Rh6+ Ke7 63. Rh5 Kd7 64. Ke3 Kc6 65. f4 d5 66. f5
d4+ 67. Ke4 Bb3 68. Rh8 Kb5 69. Rc8 Kb4 70. f6 Bc2+ 71. Kf4 c4 72. Rd8 Kc3 73.
Rd7 Bg6 74. Rd8 d3 75. Ke3 Kc2 76. Rg8 d2 77. Rd8 d1=Q 0-1

[Event "PRO League Group Stage"]
[Site "chess.com INT"]
[Date "2020.01.29"]
[Round "4"]
[White "Saric, Ante"]
[Black "Tomashevsky, Evgeny"]
[Result "1/2-1/2"]
[WhiteTitle "GM"]
[BlackTitle "GM"]
[WhiteElo "2559"]
[BlackElo "2705"]
[WhiteTeam "Croatia Bulldogs"]
[BlackTeam "Russia Wizards"]
[WhiteFideId "14506254"]
[BlackFideId "4147235"]
[EventDate "2020.01.06"]

1. Nf3 d5 2. d4 Nf6 3. c4 e6 4. Nc3 Bb4 5. Bg5 Nbd7 6. cxd5 exd5 7. Qc2 c5 8. g3
h6 9. Bf4 Ne4 10. Bg2 Qa5 11. Rc1 Qxa2 12. Nd2 Bxc3 13. bxc3 Qxc2 14. Rxc2 Nxd2
15. Kxd2 Nf6 16. dxc5 Bd7 17. Ra1 Bc6 18. Be5 Ke7 19. Bd6+ Kd8 20. Be5 Ke7 21.
Bd6+ Kd8 22. Be5 Ke7 1/2-1/2

[Event "PRO League Group Stage"]
[Site "chess.com INT"]
[Date "2020.01.29"]
[Round "4"]
[White "Roiz, Michael"]
[Black "Andriasian, Zaven"]
[Result "1/2-1/2"]
[WhiteTitle "GM"]
[BlackTitle "GM"]
[WhiteElo "2598"]
[BlackElo "2611"]
[WhiteTeam "Israel Counsellors"]
[BlackTeam "Armenia Eagles"]
[WhiteFideId "2804158"]
[BlackFideId "13302000"]
[EventDate "2020.01.06"]

1. Nf3 d5 2. g3 c6 3. Bg2 Bg4 4. h3 Bxf3 5. Bxf3 Nf6 6. d3 Nbd7 7. O-O e6 8. Bg2
Bd6 9. Nd2 O-O 10. e4 Qc7 11. a4 Rad8 12. Qe2 Rfe8 13. Nb3 e5 14. Bd2 Nc5 15.
Nxc5 Bxc5 16. Bg5 Re6 17. Rad1 1/2-1/2

[Event "PRO League Group Stage"]
[Site "chess.com INT"]
[Date "2020.01.29"]
[Round "4"]
[White "Sargsyan, Shant"]
[Black "Steinberg, Nitzan"]
[Result "1-0"]
[WhiteTitle "GM"]
[BlackTitle "GM"]
[WhiteElo "2601"]
[BlackElo "2542"]
[WhiteTeam "Armenia Eagles"]
[BlackTeam "Israel Counsellors"]
[WhiteFideId "13306766"]
[BlackFideId "2801795"]
[EventDate "2020.01.06"]

1. e4 c5 2. Nc3 d6 3. d4 cxd4 4. Qxd4 Bd7 5. Bg5 Nc6 6. Qd2 Nf6 7. Bxf6 gxf6 8.
O-O-O a6 9. f4 Rc8 10. Nf3 h5 11. Kb1 Bh6 12. g3 Qa5 13. Be2 Be6 14. a3 b5 15.
Nd4 Nxd4 16. Qxd4 h4 17. Nd5 Qd8 18. c4 bxc4 19. Bxc4 Rb8 20. Ka2 Rg8 21. Rd3
Kf8 22. Bxa6 f5 23. Bc4 fxe4 24. Qxe4 Bg7 25. Rb3 Rxb3 26. Bxb3 Qa5 27. Rc1 Bh8
28. f5 Qd2 29. Rc2 Bxd5 30. Bxd5 Qg5 31. gxh4 Qg1 32. f6 Bxf6 33. Qh7 e6 34.
Rc8+ Ke7 35. Qxg8 1-0

[Event "PRO League Group Stage"]
[Site "chess.com INT"]
[Date "2020.01.29"]
[Round "4"]
[White "Davtyan, Artur"]
[Black "Mikhalevski, Victor"]
[Result "1/2-1/2"]
[WhiteTitle "IM"]
[BlackTitle "GM"]
[WhiteElo "2437"]
[BlackElo "2571"]
[WhiteTeam "Armenia Eagles"]
[BlackTeam "Israel Counsellors"]
[WhiteFideId "13308327"]
[BlackFideId "2801914"]
[EventDate "2020.01.06"]

1. Nf3 d5 2. d4 Nf6 3. c4 e6 4. Nc3 Bb4 5. Qa4+ Nc6 6. e3 O-O 7. Bd2 a6 8. Qc2
dxc4 9. Bxc4 Bd6 10. Rd1 Qe7 11. O-O b5 12. Be2 Bb7 13. a3 Rac8 14. Rfe1 e5 15.
d5 Nb8 16. e4 c6 17. dxc6 Bxc6 18. Bg5 Nbd7 19. Qd2 Bc5 20. Bf1 h6 21. Bh4 Qe6
22. Nd5 Rfe8 23. Bg3 Nh5 24. Rc1 Nxg3 25. hxg3 Bxd5 26. exd5 Qd6 27. Nh4 Nf6 28.
b4 Bd4 29. Nf5 Qd7 30. Nxd4 exd4 31. Rxe8+ Rxe8 32. Qxd4 Qxd5 33. Qxd5 Nxd5 34.
Rc6 Re6 35. Rc8+ Kh7 36. Rf8 Kg6 37. Bd3+ Kf6 38. Ra8 Ke5 39. Ra7 Kd4 40. Bf5
Rf6 41. Bc8 Nc3 42. Bxa6 Kc4 43. f3 Kb3 44. Bc8 Nb1 45. Bd7 Nxa3 46. Be8 Kxb4
47. Bxf7 g5 48. Kf2 Nc4 49. Bg8 Kc5 50. Rc7+ Kb6 51. Rc8 Nd6 52. Rc2 b4 53. Bd5
Nf5 54. g4 Ne7 55. Bb3 Nc6 56. Ke3 Rd6 57. g3 Na5 58. Ba4 Re6+ 59. Kd4 Re1 60.
f4 Ra1 61. Be8 b3 62. Rb2 Rd1+ 63. Kc3 Kc5 64. Re2 Rc1+ 65. Kb2 Rg1 66. Re5+ Kb6
67. Re6+ Kc5 68. Re5+ Kb6 69. Re6+ Kc7 70. Ra6 Rg2+ 71. Kb1 Rg1+ 72. Kb2 Rg2+
73. Kb1 Rg1+ 74. Kb2 1/2-1/2

[Event "PRO League Group Stage"]
[Site "chess.com INT"]
[Date "2020.01.29"]
[Round "4"]
[White "Rambaldi, Francesco"]
[Black "Harikrishna, Pentala"]
[Result "1/2-1/2"]
[WhiteTitle "GM"]
[BlackTitle "GM"]
[WhiteElo "2570"]
[BlackElo "2716"]
[WhiteTeam "Turkey Knights"]
[BlackTeam "India Yogis"]
[WhiteFideId "20657307"]
[BlackFideId "5007003"]
[EventDate "2020.01.06"]

1. Nf3 d5 2. g3 c5 3. Bg2 Nc6 4. d4 e6 5. O-O Nf6 6. c4 dxc4 7. dxc5 Qxd1 8.
Rxd1 Bxc5 9. Nbd2 c3 10. bxc3 O-O 11. Nb3 Be7 12. Nfd4 Nxd4 13. cxd4 Nd5 14. Bd2
Bd7 15. e4 Nf6 16. Bg5 h6 17. Bxf6 gxf6 18. e5 Ba4 19. Rdc1 Rac8 20. Nc5 Bxc5
21. dxc5 Bc6 22. exf6 Kh7 23. Rab1 Bxg2 24. Kxg2 Rc7 25. Rc4 Kg6 26. Ra4 a6 27.
c6 Rxc6 28. Rxb7 Kxf6 29. Ra7 Kg6 30. R4xa6 Rxa6 31. Rxa6 Rb8 32. Ra4 Rb2 33.
Rg4+ Kf5 34. Rf4+ Kg6 35. a4 f5 36. Rc4 Ra2 37. h3 h5 38. g4 hxg4 39. hxg4 fxg4
40. Rxg4+ Kf5 41. Kg3 e5 42. Rb4 Ra3+ 43. f3 Ra2 44. Rc4 Kg5 45. Rg4+ Kf6 46.
Rh4 Kg5 47. Rg4+ Kf6 48. Re4 Kf5 49. Rc4 Kg5 50. Rb4 Kf5 51. Re4 Kf6 52. Kg4
Rg2+ 53. Kh3 Ra2 54. Rh4 Kf5 55. Rb4 Kg5 56. Kg3 Kf5 1/2-1/2

[Event "PRO League Group Stage"]
[Site "chess.com INT"]
[Date "2020.01.29"]
[Round "4"]
[White "Ipatov, Alexander"]
[Black "Sethuraman, S.P."]
[Result "1/2-1/2"]
[WhiteTitle "GM"]
[BlackTitle "GM"]
[WhiteElo "2631"]
[BlackElo "2638"]
[WhiteTeam "Turkey Knights"]
[BlackTeam "India Yogis"]
[WhiteFideId "14116731"]
[BlackFideId "5021596"]
[EventDate "2020.01.06"]

1. d4 Nf6 2. c4 e6 3. Nf3 d5 4. Bg5 Bb4+ 5. Nc3 h6 6. Bxf6 Qxf6 7. e3 O-O 8. Rc1
dxc4 9. Bxc4 c5 10. O-O cxd4 11. Nxd4 Qe7 12. a3 Bxc3 13. Rxc3 Bd7 1/2-1/2